European Islands - Statistics

General Stats
  • This quiz has been taken 21 times
  • The average score is 19 of 25
Answer Stats
Hint Island % Correct
6) Island nation south of Sicily where the Knights Hospitaller ruled Malta
100%
8) The largest of the Greek islands, its capitalis Heraklion Crete
95%
3) This island nation has been dividedbetween Greece and Turkey for recognition Cyprus
95%
2) Largest island in the Mediterranean,home to Mt Etna Sicily
95%
13) This French island is the 4th largest inthe Mediterranean Corsica
90%
22) Napoleon was born here in 1769 Corsica
90%
4) One of Spains' Balearic islands knownfor its nightlife and beaches Ibiza
85%
1) UK crown dependency betweenEngland and Scotland Isle of Man
85%
18) This UK dependency is the largest of the channel islands Jersey
85%
12) Greek island popular as a tourist spot for its blue domed homes and beaches Santorini
85%
17) Arctic island belonging to Norway, its largestsettlement is Longyearbyen Svalbard
85%
14) This volcanic archipelago in the Atlantic is anautonomous territory of Portugal Azores
80%
15) Group of volcanic islands off of Western Africabelonging to Spain, a popular tourist destination Canary
80%
9) Napoleon was exiled to this Italian island in 1814 Elba
80%
11) Chain of islands in the North Sea belongingto Denmark, its capital is Torshavn Faroe
80%
25) AKA the Emerald isle Ireland
80%
19) Italian island north of Sicily known for its beachesand scenery Sardinia
75%
16) Danish island which most of Copenhagen lies on Zealand
75%
10) Finnish autonomous island in the Gulf ofBothnia Aland
65%
7) This Swedish island is the largest in the Baltic Sea Gotland
65%
21) Along with Cres, this is the largest of Croatiasislands Krk
60%
20) Largest of Greece’s Dodecanese islands Rhodes
60%
5) Largest island in Scotlands Inner Hebrides Isle of Skye
55%
24) Remote archipelago off the north coast of Scotlandhome to famous Neolithic era sites Orkney
50%
23) Norwegian archipelago famous for its fjordsand rugged landscape Lofoten
25%
No matching quizzes found
Score Distribution
Percent of People with Each Score
Percentile by Number Answered
Your Score History
You have not taken this quiz